Vollständiges Wörterbuch der englischen und deutschen Sprache zum Gebrauch für alle Stände
Guardado en:
| Formato: | Libro |
|---|---|
| Lenguaje: | alemán inglés |
| Publicado: |
Leipzig
B. Tauchnitz
1869
|
| Etiquetas: |
Sin Etiquetas, Sea el primero en etiquetar este registro!
|
MARC
| LEADER | 00000nam a2200000 4500 | ||
|---|---|---|---|
| 001 | 0313272 | ||
| 005 | 20251120111602.1 | ||
| 041 | 0 | |a ger | |
| 041 | 0 | |a eng | |
| 044 | |a DE | ||
| 245 | 1 | 0 | |a Vollständiges Wörterbuch der englischen und deutschen Sprache zum Gebrauch für alle Stände |c William James |
| 264 | 1 | |a Leipzig |b B. Tauchnitz |c 1869 | |